| 000 | 00894nam a2200289 a 4500 | ||
|---|---|---|---|
| 001 | 000042708 | ||
| 003 | DO-SdBNP | ||
| 005 | 20250131092921.0 | ||
| 007 | ta | ||
| 008 | 140205s1999 dr 000 j spa d | ||
| 040 |
_aDO-SdBNP _bspa _cBNPHU _erda |
||
| 041 | _hspa | ||
| 082 |
_aRD863.44 _bB142c _222 |
||
| 100 | 1 |
_aBáez, Rannel _eautor _934413 |
|
| 245 | 1 | 0 |
_aCuentos desechables / _cRannel Báez. |
| 264 |
_aSanto Domingo : _bMediabyte, _c1999. |
||
| 300 |
_a204 páginas : _b21 cm. |
||
| 336 |
_ardaconten _btexto _2txt |
||
| 337 |
_ardamedia _bsin mediación _2n |
||
| 338 |
_ardacarrier _bsin mediación _2nc |
||
| 500 | _aIncluye datos biográficos del autor en la solapa de la contracubierta | ||
| 590 | _aInventariado, 2020/MFF | ||
| 650 | 0 |
_aCuentos dominicanos _9176 |
|
| 650 | 0 |
_aLiteratura dominicana. _967 |
|
| 910 | _aValidado. Control de calidad MFF | ||
| 942 |
_2ddc _cLBS1 |
||
| 999 |
_c42197 _d42197 |
||